00845nam a22002057a 450000500170000001000260001702000260004303500140006903500140008303700090009708200060010610000280011224500960014026000300023630000210026694200200028799900190030795201490032695201640047520250528170123.0 aENG-143985 ENG-145041 a9781999520205c350.00 aEN-127517 aEN-128573 bDBAD aS aBrooks, Sarazen 981426 aWhy am I Here ?/bA Near - Death Experience with the Ancient of Days /cby Sarazen Brooks  bThe Venusian Press c2021 a312p.c23cm(pbk) 2ddccENhSmBRO c209705d209705 001040708FICaCJbCJd2025-03-06eDelivery of Books Act Divisiong350.00l0oS BROpEN-127517r2025-03-06 00:00:00t1v350.00w2025-03-06yEN 001040708NFICaNPLbNPLd2025-05-28eDelivery of Books Act Divisiong350.00l1oS BROpEN-128573r2026-01-08 00:00:00s2025-12-08t1v350.00w2025-05-28yEN